First aid for the USMLE Step 2 CS / (Record no. 27)

000 -LEADER
fixed length control field 04495cam a22006977i 4500
001 - CONTROL NUMBER
control field x70bvkvsvkqffnlb
003 - CONTROL NUMBER IDENTIFIER
control field LIBRIS
005 - DATE AND TIME OF LATEST TRANSACTION
control field 20241030104222.0
008 - FIXED-LENGTH DATA ELEMENTS--GENERAL INFORMATION
fixed length control field 190423s2018 nyua||||||||||001 0|eng|d
020 ## - INTERNATIONAL STANDARD BOOK NUMBER
International Standard Book Number 9781259862441
020 ## - INTERNATIONAL STANDARD BOOK NUMBER
International Standard Book Number 1259862445
040 ## - CATALOGING SOURCE
Original cataloging agency Ors
Language of cataloging eng
Transcribing agency ZIH
Modifying agency Ors
Description conventions i
-- rda
041 ## - LANGUAGE CODE
Language code of text/sound track or separate title eng
060 #4 - NATIONAL LIBRARY OF MEDICINE CALL NUMBER
Classification number WB 18.2
Item number B574f 2018
060 #4 - NATIONAL LIBRARY OF MEDICINE CALL NUMBER
Classification number WB 18.2
Item number F5275 2018
080 ## - UNIVERSAL DECIMAL CLASSIFICATION NUMBER
Universal Decimal Classification number 61
Item number F-56
082 04 - DEWEY DECIMAL CLASSIFICATION NUMBER
Classification number 610.76
Edition number 23
084 ## - OTHER CLASSIFICATION NUMBER
Classification number V
Number source kssb/8 (machine generated)
100 1# - MAIN ENTRY--PERSONAL NAME
Personal name Le, Tao
Relator term author.
245 10 - TITLE STATEMENT
Title First aid for the USMLE Step 2 CS /
Statement of responsibility, etc. Tao Le, Vikas Bhushan, Kachiu Lee, Maniver Deol.
246 14 - VARYING FORM OF TITLE
Title proper/short title USMLE step 2 CS, clinical skills, a student to student guide
246 30 - VARYING FORM OF TITLE
Title proper/short title USMLE step 2 CS
246 30 - VARYING FORM OF TITLE
Title proper/short title USMLE step two CS
246 3# - VARYING FORM OF TITLE
Title proper/short title First aid for the United States medical licensing examination step two CS
250 ## - EDITION STATEMENT
Edition statement Sixth edition.
260 ## - PUBLICATION, DISTRIBUTION, ETC.
Place of publication, distribution, etc. New York
Name of publisher, distributor, etc. Mc Graw Hill
Date of publication, distribution, etc. 2018
264 #1 - PRODUCTION, PUBLICATION, DISTRIBUTION, MANUFACTURE, AND COPYRIGHT NOTICE
Place of production, publication, distribution, manufacture New York :
Name of producer, publisher, distributor, manufacturer McGraw-Hill Education,
300 ## - PHYSICAL DESCRIPTION
Extent xvii, 621 pages
Other physical details color illustrations
Dimensions 28 cm
336 ## - CONTENT TYPE
Content type term text
Content type code txt
Source rdacontent
337 ## - MEDIA TYPE
Media type term unmediated
Media type code n
Source rdamedia
338 ## - CARRIER TYPE
Carrier type term volume
Carrier type code nc
Source rdacarrier
340 ## - PHYSICAL MEDIUM
Dimensions 28 cm
365 ## - TRADE PRICE
Price amount 42.24 usd
500 ## - GENERAL NOTE
General note "A student-to-student guide"--Cover.
500 ## - GENERAL NOTE
General note Includes index.
505 8# - FORMATTED CONTENTS NOTE
Formatted contents note 1. Guide to the USMLE Step 2 CS : -- Introduction ; USMLE Step 2 CS, the Basics ; Preparing for the Step 2 CS ; Test-Day Tips ; First Aid for the IMG ; USMLE Step 2 CS Test Center information -- 2. The Patient Encounter : -- Introduction ; Doorway Information ; Taking the History ; The Physical Exam ; Closure ; How to Interact with Special Patients ; Challenging Questions and Situations ; Counseling ; The Patient Note. -- 3. Minicases : -- Headache ; Confusion/Memory loss; Loss of vision; Depressed mood; Psychosis; Dizziness; Loss of Consciousness; Numbness/weakness; Fatigue and sleepiness; Night sweats; Insomnia; Sore throat; Cough/shortness of breath; Chest pain; Palpitations; Weight loss; Weight gain; Dysphagia; Neck mass; Nausea/Vomiting; Abdominal pain; Constipation/diarrhea; Upper GI bleeding; Blood in stool; Hematuria; Other urinary symptoms; Erectile dysfunction; Amenorrhea; Vaginal bleeding; Vaginal discharge; Dyspareunia; Abuse; Joint/limb pain; Low back pain; Child with fever; Child with GI symptoms; Child with red eye; Child with short stature; Behavioral problems in childhood ; -- Practice Cases.
520 ## - SUMMARY, ETC.
Summary, etc. The USMLE Step 2 CS review got just got even better! The sixth edition of First Aid for the USMLE Step 2 CS has been completely updated to reflect the latest exam format, including proven study and exam strategies for clinical encounters based on the patient-centered interview. This book has 44 full-length practice cases that simulate the real exam and test your ability to document the patient's most likely diagnosis and how it is supported by the history and physical findings. It also presents hundreds of minicases representing 39 common presentations to help you rapidly develop a working set of differential diagnoses. In addition, there are expanded guidelines on how to deal with challenging situations, including those that pose ethical and confidentiality issues. -- Publisher description
650 #0 - SUBJECT ADDED ENTRY--TOPICAL TERM
Topical term or geographic name entry element Medicine
Geographic subdivision United States
General subdivision Examinations
Form subdivision Study guides.
650 #0 - SUBJECT ADDED ENTRY--TOPICAL TERM
Topical term or geographic name entry element USMLE Step 2 CS
9 (RLIN) 87
650 #0 - SUBJECT ADDED ENTRY--TOPICAL TERM
Topical term or geographic name entry element Physicians
General subdivision Licenses
Geographic subdivision United States
General subdivision Examinations
Form subdivision Study guides.
650 #2 - SUBJECT ADDED ENTRY--TOPICAL TERM
Topical term or geographic name entry element Clinical Medicine.
650 #2 - SUBJECT ADDED ENTRY--TOPICAL TERM
Topical term or geographic name entry element Clinical Medicine
General subdivision Examination Questions.
650 #7 - SUBJECT ADDED ENTRY--TOPICAL TERM
Topical term or geographic name entry element Medicine
General subdivision Examinations.
Source of heading or term fast
650 #7 - SUBJECT ADDED ENTRY--TOPICAL TERM
Topical term or geographic name entry element Physicians
General subdivision Licenses
-- Examinations.
Source of heading or term fast
651 #7 - SUBJECT ADDED ENTRY--GEOGRAPHIC NAME
Geographic name United States.
Source of heading or term fast
653 ## - INDEX TERM--UNCONTROLLED
Uncontrolled term მედიცინა
653 ## - INDEX TERM--UNCONTROLLED
Uncontrolled term კლინიკური მედიცინა
655 #7 - INDEX TERM--GENRE/FORM
Genre/form data or focus term Study guides.
Source of term fast
655 #7 - INDEX TERM--GENRE/FORM
Genre/form data or focus term Study guides.
Source of term lcgft
700 1# - ADDED ENTRY--PERSONAL NAME
Personal name Bhushan, Vikas.
700 1# - ADDED ENTRY--PERSONAL NAME
Personal name Lee, Kachiu.
700 1# - ADDED ENTRY--PERSONAL NAME
Personal name Deol, Maniver.
887 ## - NON-MARC INFORMATION FIELD
Content of non-MARC field {"@id":"x70bvkvsvkqffnlb","modified":"2019-04-23T15:40:45.917+02:00","checksum":"91048350099"}
Source of data librisxl
887 ## - NON-MARC INFORMATION FIELD
Content of non-MARC field {"@id":"1bsj3j73zv1tr2wf","modified":"2019-10-18T17:16:46.372+02:00","checksum":"61812186201"}
Source of data librisxl
887 ## - NON-MARC INFORMATION FIELD
Content of non-MARC field {"@id":"nzq2lglwlvvh931x","modified":"2020-01-28T12:31:18.15+01:00","checksum":"57471629646"}
Source of data librisxl
942 ## - ADDED ENTRY ELEMENTS (KOHA)
Source of classification or shelving scheme
Koha item type Books
Edition 6
Holdings
Withdrawn status Lost status Source of classification or shelving scheme Damaged status Not for loan Permanent location Current location Date acquired Inventory number Full call number Barcode Date last seen Price effective from Koha item type Total Checkouts
          Ken Walker International University Ken Walker International University 11/05/2020 6 61 F-56 6 11/05/2020 11/05/2020 Books  
          Ken Walker International University Ken Walker International University 11/18/2020 1019 61 F-56 1019 11/18/2020 11/18/2020 Books  
          Ken Walker International University Ken Walker International University 11/24/2020 1105 61 F-56 1105 11/24/2020 11/24/2020 Books  

Powered by Koha